Music Quiz

Random Music or Song Quiz

Walking Songs Quiz Stats

 Plays Quiz Updated Feb 12, 2015

Challenge
Share
Tweet
Embed
Score 0/20 Timer 05:00
1 Play Today
% Correct
Johnny Cash
93.1%
Run-D.M.C. feat. Aerosmith
86.6%
The Bangles
85.5%
Nancy Sinatra
80.3%
Katrina & The Waves
73.4%
Lou Reed
69.4%
Dire Straits
66.1%
Frankie Valli & The Four Seasons
64.8%
Annie Lennox
61%
Marc Cohn
59.6%
% Correct
Smash Mouth
56.6%
Dionne Warwick
53.5%
The Police
52.9%
Kanye West
45.8%
Patsy Cline
44.2%
Fats Domino
43.4%
Kelly Clarkson
39.6%
The Shangri-Las
30.2%
The Ventures
25.2%
The Left Banke
21.4%

You're not logged in!

Compare scores with friends on all Sporcle quizzes.
Join for Free
OR
Log In

You Might Also Like...

Show Comments

Extras

Top Quizzes Today


Score Distribution

Your Account Isn't Verified!

In order to create a playlist on Sporcle, you need to verify the email address you used during registration. Go to your Sporcle Settings to finish the process.

Report this User

Report this user for behavior that violates our Community Guidelines.

Details: